U.S. global competitiveness : Optical fibers, technology and quipment

Kaydedildi:
Detaylı Bibliyografya
Materyal Türü: Kitap
Dil:Undetermined
Baskı/Yayın Bilgisi: Washington United States Trade Commission 1930
Konular:
Etiketler: Etiketle
Etiket eklenmemiş, İlk siz ekleyin!
Thư viện lưu trữ: Trung tâm Học liệu Trường Đại học Cần Thơ
LEADER 00566nam a2200181Ia 4500
001 CTU_98443
008 210402s9999 xx 000 0 und d
082 |a 338.6 
082 |b U58 
245 0 |a U.S. global competitiveness : 
245 0 |b Optical fibers, technology and quipment 
260 |a Washington 
260 |b United States Trade Commission 
260 |c 1930 
650 |a Fiber optics industry,Competition, international,Fiber optics industry 
650 |z United States 
904 |i Tuyến 
980 |a Trung tâm Học liệu Trường Đại học Cần Thơ